000 00299nam a2200133Ia 4500
008 190216s9999||||xx |||||||||||||| ||und||
100 _aNarayanan
245 0 _aComplex Analysis
250 _a6th Ed.
260 _bS.Viswanathan Pvt
_c1997
300 _a240
650 _aMathe Matics
942 _cBK
999 _c32506
_d32506